000 00322nam a22001337a 4500
008 170511b xxu||||| |||| 00| 0 eng d
020 _a9780023885815
041 _aeng
080 _22ND
_a34
100 _a15
101 _aSHJ
245 _aAN INTRODUCTION TO THE PROFESSION OF COUNSELING
_cNUGENT, F.A
942 _2udc
_cBK
999 _c13156
_d13156